[Event "PRVA LIGA CENTRALNE SRBIJE 2014"]
[Site "Kraljevo"]
[Date "2014.09.15"]
[Round "4.5"]
[White "Marinkovic, Ivan"]
[Black "Panic, Nenad"]
[Result "1-0"]
[WhiteElo "2448"]
[BlackElo "2346"]
[PlyCount "47"]
[EventDate "2014.09.13"]

1. e4 c5 2. Nf3 e6 3. d4 cxd4 4. Nxd4 a6 5. g3 Qc7 6. Bg2 Nc6 7. O-O Nf6 8. Be3
Ne5 9. f4 Nc4 10. Bc1 d6 11. b3 e5 12. bxc4 exd4 13. Bb2 Qxc4 14. Qxd4 d5 15.
Qe5+ Kd8 16. Nd2 Bc5+ 17. Kh1 Qe2 18. Nb3 Re8 19. Qg5 Bd6 20. Rae1 Qc4 21. e5
h6 22. exf6 hxg5 23. Rxe8+ Kxe8 24. fxg7 1-0

[Event "PRVA LIGA CENTRALNE SRBIJE 2014"]
[Site "Kraljevo"]
[Date "2014.09.15"]
[Round "4.5"]
[White "Ilic, Dragan M"]
[Black "Pavlovic, Dejan S"]
[Result "0-1"]
[WhiteElo "2365"]
[BlackElo "2407"]
[PlyCount "60"]
[EventDate "2014.09.13"]

1. d4 Nf6 2. c4 e6 3. Nc3 Bb4 4. e3 c5 5. Bd3 Nc6 6. Nge2 d5 7. cxd5 Nxd5 8.
O-O cxd4 9. exd4 O-O 10. a3 Be7 11. Bc2 Nf6 12. Qd3 b6 13. Rd1 Bb7 14. Bg5 g6
15. Qh3 Na5 16. Qh4 Re8 17. Nf4 Nd5 18. Ne4 Nxf4 19. Bxe7 Rxe7 20. Qxf4 Bxe4
21. Bxe4 Rc8 22. d5 Rd7 23. d6 Nc4 24. Bf3 Rxd6 25. b3 Nd2 26. Be2 Rd4 27. Qe3
Qd6 28. h4 Rxh4 29. f4 Rc2 30. g3 Rh3 0-1

[Event "PRVA LIGA CENTRALNE SRBIJE 2014"]
[Site "Kraljevo"]
[Date "2014.09.15"]
[Round "4.5"]
[White "Djokic, Nenad"]
[Black "Peric, Slavisa"]
[Result "1-0"]
[WhiteElo "2329"]
[BlackElo "2180"]
[PlyCount "75"]
[EventDate "2014.09.13"]

1. d4 d5 2. c4 dxc4 3. Nf3 e6 4. Nc3 a6 5. a4 Nc6 6. e4 Na5 7. Be3 Nf6 8. Nd2
c5 9. Nxc4 cxd4 10. Bxd4 Nxc4 11. Bxc4 Qc7 12. Be2 Bc5 13. O-O O-O 14. Bxc5
Qxc5 15. Rc1 Qb4 16. e5 Nd7 17. f4 Nb6 18. Bf3 Qxf4 19. Re1 Qb4 20. b3 Qe7 21.
Qd4 Nd7 22. Ne4 Nb8 23. Nd6 Nc6 24. Bxc6 bxc6 25. b4 Qa7 26. Rc5 Bd7 27. a5
Rab8 28. Qc3 f6 29. Re4 fxe5 30. Qxe5 Rf6 31. Rg4 Rbf8 32. h4 Qb8 33. h5 h6 34.
Rc3 Qd8 35. Rcg3 Qe7 36. Rxg7+ Qxg7 37. Rxg7+ Kxg7 38. Ne4 1-0

[Event "PRVA LIGA CENTRALNE SRBIJE 2014"]
[Site "Kraljevo"]
[Date "2014.09.15"]
[Round "4.5"]
[White "Popovic, Milan S"]
[Black "Tasic, Vladimir"]
[Result "1-0"]
[WhiteElo "2211"]
[BlackElo "2256"]
[PlyCount "125"]
[EventDate "2014.09.13"]

1. e4 e5 2. Nc3 Nc6 3. g3 g6 4. Bg2 Bg7 5. Nge2 d6 6. d3 Be6 7. Nd5 Qd7 8. Be3
h5 9. h4 Nce7 10. d4 c6 11. Nxe7 Qxe7 12. Nc3 Bc4 13. d5 c5 14. Qd2 Bh6 15. Bg5
f6 16. Bxh6 Nxh6 17. Bh3 f5 18. O-O-O O-O-O 19. Rhe1 Qf6 20. exf5 Nxf5 21. f4
Kb8 22. fxe5 dxe5 23. Bxf5 gxf5 24. Qe3 f4 25. Qxc5 Rc8 26. Qf2 Rhf8 27. Kb1
fxg3 28. Qxg3 Qf4 29. Qg7 Qxh4 30. Qxe5+ Ka8 31. Rh1 Qg4 32. Qxh5 Qd7 33. Rd2
Rf5 34. Qh4 Qd6 35. Qg4 Rff8 36. Re1 Ba6 37. Qd4 Rcd8 38. Rf2 Rfe8 39. Rxe8
Rxe8 40. Rd2 b6 41. b3 Rd8 42. Ne4 Qg6 43. Qf6 Qg8 44. Qe5 Re8 45. Qd4 Rd8 46.
d6 Bb5 47. Nf6 Qe6 48. Nd5 Qd7 49. Nc7+ Kb7 50. Rg2 Qxc7 51. Rg7 Qxg7 52. Qxg7+
Rd7 53. Qe5 Bc6 54. c4 a6 55. Kb2 Kc8 56. c5 Kb7 57. Qd4 bxc5 58. Qxc5 Rg7 59.
Qb4+ Kc8 60. Qc5 Kb7 61. a4 Rg8 62. Ka3 Bf3 63. Qf5 1-0

[Event "PRVA LIGA CENTRALNE SRBIJE 2014"]
[Site "Kraljevo"]
[Date "2014.09.15"]
[Round "4.6"]
[White "Stojanovski, Dejan"]
[Black "Parligras, Mircea-Emilian"]
[Result "1/2-1/2"]
[WhiteElo "2442"]
[BlackElo "2578"]
[PlyCount "43"]
[EventDate "2014.09.13"]

1. d4 Nf6 2. Nf3 e6 3. Bg5 h6 4. Bh4 d6 5. h3 c5 6. dxc5 d5 7. Nbd2 Bxc5 8. e3
Nc6 9. Bd3 Bd6 10. Bxf6 Qxf6 11. c3 O-O 12. Qe2 Bd7 13. O-O Bc7 14. Rfe1 Qe7
15. e4 dxe4 16. Bxe4 Rad8 17. b4 Bc8 18. Nb3 Ne5 19. Rad1 Rxd1 20. Rxd1 Rd8 21.
Rxd8+ Qxd8 22. Nxe5 1/2-1/2

[Event "PRVA LIGA CENTRALNE SRBIJE 2014"]
[Site "Kraljevo"]
[Date "2014.09.15"]
[Round "4.6"]
[White "Perunovic, Miodrag"]
[Black "Djukic, Zeljko"]
[Result "1-0"]
[WhiteElo "2415"]
[BlackElo "2367"]
[PlyCount "77"]
[EventDate "2014.09.13"]

1. d4 c5 2. d5 d6 3. e4 g6 4. Nc3 Bg7 5. Nf3 Nf6 6. Bb5+ Bd7 7. a4 O-O 8. O-O
Bxb5 9. axb5 Nbd7 10. h3 Ne8 11. Bf4 Nc7 12. Qd2 Qe8 13. Rfe1 f6 14. Qd3 a6 15.
Nd2 Nb6 16. bxa6 bxa6 17. Ra5 Qf7 18. Nc4 Nxc4 19. Qxc4 Rab8 20. Qa2 Rb4 21.
Ra4 Rb6 22. Bg3 Rfb8 23. Nd1 f5 24. exf5 Qxf5 25. Ne3 Qf7 26. Rf4 Bf6 27. c4 e5
28. dxe6 Qxe6 29. Kf1 Rxb2 30. Qa5 Bd8 31. Nd1 Qd7 32. Qc3 Qg7 33. Qxg7+ Kxg7
34. Nxb2 Rxb2 35. Rd1 Ne6 36. Re4 Nd4 37. Bxd6 Bb6 38. Re7+ Kf6 39. Rb7 1-0

[Event "PRVA LIGA CENTRALNE SRBIJE 2014"]
[Site "Kraljevo"]
[Date "2014.09.15"]
[Round "4.6"]
[White "Ilic, Zoran S"]
[Black "Radovanovic, Dusan"]
[Result "1/2-1/2"]
[WhiteElo "2289"]
[BlackElo "2394"]
[PlyCount "35"]
[EventDate "2014.09.13"]

1. d4 Nf6 2. Nf3 e6 3. g3 c5 4. c4 cxd4 5. Nxd4 Bb4+ 6. Bd2 Bc5 7. Nb3 Be7 8.
Bg2 O-O 9. Nc3 d6 10. O-O a6 11. Bf4 h6 12. e4 Nc6 13. Qe2 e5 14. Be3 a5 15. h3
a4 16. Nd2 Nd7 17. Nd5 Bg5 18. b4 1/2-1/2

[Event "PRVA LIGA CENTRALNE SRBIJE 2014"]
[Site "Kraljevo"]
[Date "2014.09.15"]
[Round "4.6"]
[White "Marcetic, Nikola"]
[Black "Mitrovic, Darko R"]
[Result "1-0"]
[WhiteElo "2389"]
[BlackElo "2263"]
[PlyCount "85"]
[EventDate "2014.09.13"]

1. d4 Nf6 2. Bg5 e6 3. e4 h6 4. Bxf6 Qxf6 5. c3 d6 6. Bd3 e5 7. Ne2 g6 8. O-O
Bg7 9. f4 Qe7 10. Nd2 O-O 11. Qb3 c6 12. Rae1 Be6 13. Qa3 exd4 14. Nxd4 Bc8 15.
Nc4 Bxd4+ 16. cxd4 c5 17. dxc5 dxc5 18. Nb6 axb6 19. Qxa8 Nc6 20. Qa3 Rd8 21.
Bb5 Nd4 22. Bc4 Nc2 23. Qg3 Kh7 24. f5 gxf5 25. exf5 Qf6 26. Re4 Nd4 27. Qc7
Rf8 28. Re7 Bxf5 29. Bd3 Kh8 30. Bxf5 Nxf5 31. Re5 Qd6 32. Qxd6 Nxd6 33. Rf6
Nc4 34. Rxh6+ Kg7 35. Reh5 Rd8 36. Rh7+ Kg6 37. R5h6+ Kf5 38. Rxf7+ Kg5 39. Rh3
Nxb2 40. Rg3+ Kh6 41. Rf6+ Kh5 42. Rxb6 Rd1+ 43. Kf2 1-0

[Event "PRVA LIGA CENTRALNE SRBIJE 2014"]
[Site "Kraljevo"]
[Date "2014.09.15"]
[Round "4.6"]
[White "Todorovic, Nenad I"]
[Black "Radivojevic, Ivan"]
[Result "0-1"]
[WhiteElo "2163"]
[BlackElo "2365"]
[PlyCount "56"]
[EventDate "2014.09.13"]

1. e4 c6 2. d4 d5 3. e5 Bf5 4. h4 h5 5. c4 e6 6. Nc3 Nd7 7. Nge2 dxc4 8. Ng3
Bg6 9. Bxc4 Nb6 10. Be2 Be7 11. Bxh5 Bxh5 12. Nxh5 g6 13. Nf4 Rxh4 14. Rxh4
Bxh4 15. Qd3 Qd7 16. Qh3 Bg5 17. Ne4 Be7 18. Qh7 O-O-O 19. Be3 f5 20. Nc3 g5
21. Nfe2 f4 22. Bd2 Nc4 23. O-O-O Nxb2 24. Qc2 Nxd1 25. Nxd1 Nh6 26. Bc3 Nf5
27. Qa4 Kb8 28. Qa5 c5 0-1

[Event "PRVA LIGA CENTRALNE SRBIJE 2014"]
[Site "Kraljevo"]
[Date "2014.09.15"]
[Round "4.6"]
[White "Vuckovic, Branko"]
[Black "Stankovic, Dejan"]
[Result "1-0"]
[WhiteElo "2270"]
[BlackElo "2260"]
[PlyCount "71"]
[EventDate "2014.09.13"]

1. e4 e5 2. Bc4 Nf6 3. d3 Bc5 4. Nf3 d6 5. c3 Bb6 6. a4 a6 7. h3 h6 8. Be3 Bxe3
9. fxe3 O-O 10. O-O c6 11. Ba2 Qb6 12. Qe2 Be6 13. b4 a5 14. bxa5 Qxa5 15. Bxe6
fxe6 16. Na3 Nbd7 17. Qa2 Rfe8 18. Nc4 Qc7 19. Qc2 d5 20. Ncd2 Ra7 21. d4 Rea8
22. c4 dxe4 23. Nxe4 Nxe4 24. Qxe4 Rxa4 25. Rxa4 Rxa4 26. Qg6 Qd6 27. Qe8+ Kh7
28. c5 Qd5 29. e4 Qxe4 30. Qxd7 exd4 31. Re1 Qd5 32. Qxe6 Qxc5 33. Qe4+ Kg8 34.
Kh1 Qd6 35. Rd1 c5 36. Qe8+ 1-0